| 000 | 00825nam a2200277 i 4500 | ||
|---|---|---|---|
| 001 | bg | ||
| 100 | 1 | _aPoszepczyński, Władysław. | |
| 245 | 1 | 0 |
_aPrzetwórstwo mięsa / _cWładysław Poszepczyński. |
| 250 | _aWyd. 6. | ||
| 260 |
_aWarszawa : _bWydawnictwa Szkolne i Pedagogiczne, _c1994. |
||
| 300 |
_a346, [2] s., [1] k. tabl. : _bfot., rys. ; _c21 cm. |
||
| 504 | _aBibliogr. s. [348]. | ||
| 521 | _aPodręcznik dla zasadniczej szkoły zawodowej, kl. I, II. | ||
| 650 | 9 |
_aMięso _xprzetwórstwo |
|
| 655 | _aPodręczniki szkolne | ||
| 020 | _a8302011126 | ||
| 040 | _cBPK | ||
| 041 | 0 | _apl | |
| 080 | _a637.5 | ||
| 080 | _a664.8/.9 | ||
| 080 | _a(075.3) | ||
| 920 | _a83-02-01112-6 | ||
| 942 | _cKS | ||
| 008 | s pl f |000 0 pol | ||
| 999 |
_c38726 _d38726 |
||
| 856 |
_uhttp://koha.tu.koszalin.pl/cgi-bin/koha/opac-detail.pl?biblionumber=38726 _yKatalog online BPK |
||